000 00786nam a2200193 i 4500
001 132171
003 ES-MaACL
005 20230906194123.0
007 t|
008 070214s1970 sp |||| |dspa d
100 1 _aRodríguez Valencia, Vicente.
_998849
245 1 0 _aIsabel la Católica en la opinión de españoles y extranjeros
_b: siglos XV al XX /
_cVicente Rodríguez Valencia.
260 _aValladolid :
_bInstituto "Isabel la Católica" de Historia Eclesiástica,
_c1970.
300 _a3 v. ;
_c24 cm.
505 8 _aContiene: I ;
_tSiglos XV al XVI - II ;
_tSiglos XVII al XX - III ;
_tApéndices
600 0 4 _aIsabel
_bI,
_cReina de Castilla-
_vFuentes.
_9167809
710 2 _aInstituto "Isabel la Católica" de Historia Eclesiástica.
_95102
852 _aES-MaACL
_jP-1621
999 _c132171
_d132171